Score 0/38 Timer 05:00
0 Plays Today
Capital Word or Country % Correct
_____ AiresBuenos
94.4%
Port-au-______Prince
84.6%
Country:Argentina
82.7%
Panama ______City
78.6%
______ LumpurKuala
78.4%
Country:Panama
73.5%
_____ SalvadorSan
73.3%
Abu ______Dhabi
68.4%
Country:Haiti
66.8%
Country:El Salvador
66.5%
______ George'sSaint
58.5%
Santo ______Domingo
58%
Country:Andorra
55.5%
Cape _______*Town
55.4%
Country:Malaysia
54.6%
Country:South Africa
53.6%
Country:United Arab Emirates
51.9%
Country:Cambodia
51.5%
Addis ______Ababa
50.6%
Capital Word or Country % Correct
Phnom ______Penh
47.2%
_____ MoresbyPort
47%
La ______Paz
42.9%
Country:Dominican Republic
42.7%
Country:Ethiopia
41.9%
Country:Bolivia
38.7%
Country:India
36.6%
New ______Delhi
36.4%
Port-of-______Spain
35.4%
Andorra la _____Vella
33.7%
Sao ______Tome
31.2%
Country:Sao Tome and Principe
27.6%
Country:Trinidad and Tobago
24.7%
Country:Papua New Guinea
24.3%
Country:Brunei
20.3%
Porto-_____Novo
19.3%
_____ Seri BegawanBandar
19%
Country:Grenada
17.8%
Country:Benin
13.6%

Today's Daily Dose

Missing Word
'T' Pairs

Word Ladder
Game Pieces

Get the Picture
Baseball Movies

Remove Ads.
Support Sporcle.
Get the best of Sporcle when you Go Orange. This ad-free experience offers more features, more stats, and more fun while also helping to support Sporcle. Thank you for becoming a member.

You're not logged in!

Compare scores with friends on all Sporcle quizzes.
OR
Log In

Show Comments

Extras

Top Quizzes Today


Score Distribution

Your Account Isn't Verified!

In order to create a playlist on Sporcle, you need to verify the email address you used during registration. Go to your Sporcle Settings to finish the process.

Report this User

Report this user for behavior that violates our Community Guidelines.

Details: